The Ensuring Knowledge Continuity for Support of Sustainable Business

Identifikovanie výhod organizácie, ktoré sa odvíjajú od zabepečenia kontinuity poznatkov a identifikácie strategických dokumentov organizácie, ktoré ju podporujú a podporujú udržateľné podnikanie.

Gespeichert in:
Bibliographische Detailangaben
1. Verfasser: Urbancová, Hana
Weitere Verfasser: Zuzák, Roman
Format: Buchkapitel
Sprache:Englisch
Schlagworte:
Tags: Tag hinzufügen
Keine Tags, Fügen Sie das erste Tag hinzu!

MARC

LEADER 00000naa a2200000 4500
001 0297346
005 20231129092827.7
041 0 |a eng 
044 |a SK 
245 1 0 |a The Ensuring Knowledge Continuity for Support of Sustainable Business  |c Hana Urbancová, Roman Zuzák 
520 |a Identifikovanie výhod organizácie, ktoré sa odvíjajú od zabepečenia kontinuity poznatkov a identifikácie strategických dokumentov organizácie, ktoré ju podporujú a podporujú udržateľné podnikanie. 
610 2 0 |a manažment 
610 2 0 |a manažment vekový 
610 2 0 |a inovácie technologické 
610 2 0 |a procesy podnikové 
610 2 0 |a dokumenty 
610 2 0 |a stratégia podniková 
610 2 0 |a ciele podnikové 
610 2 0 |a ciele riadenia 
610 2 0 |a udržateľnosť 
610 2 0 |a prieskum 
100 1 |a Urbancová, Hana 
700 1 |a Zuzák, Roman